Registro de preços : (Record no. 297)

MARC details
000 -LÍDER
Campo Fixo de Controle 00811cam a2200265 a 4500
001 - NÚMERO DE CONTROLE
Campo de Controle 297
003 - IDENTIFICAÇÃO DO NÚMERO DE CONTROLE
Campo de Controle BR-CuiBMT
005 - DATA E HORA DA ÚLTIMA ATUALIZAÇÃO
Campo de Controle 20231114223711.0
008 - DADOS FIXOS
Dados Fixos 230927s2013 mgb 000 0 por d
020 ## - INTERNATIONAL STANDARD BOOK NUMBER
Nº do ISBN 9788577007974
040 ## - AGÊNCIA CATALOGADORA
Código da Agência Catalogadora BR-CuiBMT
Agência que transcreveu o registro BR-CuiBMT
080 ## - Nº DA CLASSIFICAÇÃO DECIMAL UNIVERSAL
Nº edição CDU 2007
Nº Class. CDU 342.92
090 ## - NÚMERO DE CHAMADA
Nº classificação 342.92
Cutter G963r
100 1# - ENTRADA PRINCIPAL -- AUTOR PESSOAL
Nome pessoal Guimarães, Edgar
245 10 - TÍTULO PRINCIPAL
Título principal Registro de preços :
Subtítulo aspectos práticos e jurídicos /
Indicação de responsabilidade Edgar Guimarães, Joel de Menezes Niebuhr.
250 ## - EDIÇÃO
Edição 2. ed.
260 ## - PUBLICAÇÃO, DISTRIBUIÇÃO, ETC.
Local de publicação Belo Horizonte :
Editora Fórum,
Data 2013.
300 ## - DESCRIÇÃO FÍSICA
N. páginas ou volumes 196 p. ;
Dimensões 22 cm
504 ## - NOTA DE BIBLIOGRAFIA, ETC.
Nota de bibliografia Inclui bibliografia.
650 ## - ASSUNTO TÓPICO
Cabeçalho tópico ou nome geográfico Direito administrativo
Subdivisão geral Licitações
650 ## - ASSUNTO TÓPICO
Cabeçalho tópico ou nome geográfico Contratações públicas
Subdivisão geral Atas de registro de preços
650 ## - ASSUNTO TÓPICO
Cabeçalho tópico ou nome geográfico Direito público
700 1# - ENTRADA SECUNDÁRIA -- NOME PESSOAL
Nome pessoal Niebuhr, Joel de Menezes
942 ## - ELEMENTOS DE ENTRADA ADICIONAIS (KOHA)
Fonte de classificação ou esquema de arquivamento Classificação Decimal Universal
Tipo de item do Koha Livros
Holdings
Estado: removido Estado: perdido Fonte de classificação ou esquema de arquivamento Estado: danificado Indisponível para empréstimo Localização permanente Localização atual Data de aquisição Total Checkouts Número de Chamada completo Código de barras Date last seen Número do exemplar Preço efetivo a partir de Tipo de item (Koha)
    Classificação Decimal Universal     Biblioteca da Escola Superior de Contas do TCE/MT Biblioteca da Escola Superior de Contas do TCE/MT 28/06/2023   342.92 G963r 2. ed. BIBTCEMT23090089 27/09/2023 Ex. 1 27/09/2023 Livros

Powered by Koha